| 000 | 00345nam a22001457a 4500 | ||
|---|---|---|---|
| 008 | 221202b ||||| |||| 00| 0 eng d | ||
| 020 | _a9780131128316 | ||
| 041 | _aeng | ||
| 080 |
_2SIXTH EDITION _a615.83 |
||
| 082 | _a615.83BEA | ||
| 100 | _a16.2 | ||
| 101 | _aEGZA | ||
| 245 |
_aAPPLIED ANIMAL REPRODUCTION _cBEARDEN J H |
||
| 942 |
_2udc _cBK |
||
| 999 |
_c59079 _d59079 |
||